[Event "Seniorenkampioenschap 2013"]
[Site "Oosterbeek, Netherlands"]
[Date "2013.07.11"]
[Round "6"]
[White "Toorman, Jan"]
[Black "Thieme, Wim"]
[Result "1-0"]
[WhiteElo "1982"]
[BlackElo "1911"]
[PlyCount "139"]
[EventDate "2013.??.??"]

1. e4 e6 2. d4 d5 3. Nc3 Bb4 4. Nge2 dxe4 5. a3 Be7 6. Nxe4 Nf6 7. N2g3 Nbd7 8.
Be3 O-O 9. Nxf6+ Nxf6 10. Bd3 b6 11. c4 Bb7 12. O-O Qd7 13. Qc2 Rad8 14. Rad1
c5 15. dxc5 Qc6 16. f3 Bxc5 17. Bxc5 Qxc5+ 18. Kh1 g6 19. Qc3 Nh5 20. Nxh5 Qxh5
21. Qf6 Bc6 22. b4 Ba4 23. Bc2 Rxd1 24. Bxd1 Bc6 25. Bc2 Qh6 26. Rd1 Qe3 27. b5
Ba8 28. Bd3 Qc5 29. a4 Qb4 30. Bf1 Qxa4 31. Ra1 Qc2 32. Rxa7 Qf2 33. Qa1 Bxf3
34. gxf3 Qxf3+ 35. Bg2 Qe2 36. Qf1 Qe3 37. Qf3 Qe1+ 38. Bf1 Kg7 39. Qe2 Qc3 40.
Qd3 Qf6 41. Be2 e5 42. Qe3 Rd8 43. Kg2 Rd4 44. Ra1 Rf4 45. Rf1 Rxf1 46. Bxf1
Qd6 47. Qd3 Qe6 48. Be2 f5 49. Bf3 e4 50. Qd4+ Kh6 51. Be2 f4 52. Kf2 g5 53.
Qd5 e3+ 54. Kg2 Qe7 55. Qc6+ Kg7 56. Qxb6 Qe4+ 57. Bf3 Qc2+ 58. Kh3 Qf5+ 59.
Bg4 Qd3 60. Qb7+ Kf6 61. Qc6+ Ke5 62. Qc5+ Kf6 63. Qc6+ Ke7 64. Qe6+ Kd8 65.
Qc8+ Ke7 66. Qe6+ Kd8 67. Qf6+ Kc7 68. b6+ Kb8 69. Qe5+ Kb7 70. Qc7+ 1-0

[Event "Seniorenkampioenschap 2013"]
[Site "Oosterbeek, Netherlands"]
[Date "2013.07.12"]
[Round "7"]
[White "Van Lanen, Toon"]
[Black "Van Oosten, Arend"]
[Result "1-0"]
[WhiteElo "2098"]
[BlackElo "2143"]
[PlyCount "106"]
[EventDate "2013.??.??"]

1. e4 Nc6 2. d4 e5 3. d5 Nce7 4. Nc3 Ng6 5. Be2 Bb4 6. Bd2 Nf6 7. Bf3 Nh4 8.
Qe2 a5 9. a3 Be7 10. g3 Nxf3+ 11. Nxf3 d6 12. Nh4 g6 13. f4 exf4 14. gxf4 Bg4
15. Nf3 Qd7 16. a4 O-O 17. O-O-O c6 18. h3 Bh5 19. Qd3 Bxf3 20. Qxf3 cxd5 21.
exd5 Qf5 22. Rde1 Rfe8 23. Re2 Bf8 24. Rhe1 Rxe2 25. Rxe2 Rc8 26. Kb1 Nd7 27.
Qg4 Qxg4 28. hxg4 h5 29. gxh5 gxh5 30. Ne4 f5 31. Rg2+ Kh7 32. Ng5+ Kh6 33. Bc3
Rc4 34. Ne6 Kh7 35. Bg7 Be7 36. b3 Re4 37. Bc3 Bf6 38. Bxf6 Re1+ 39. Kb2 Nxf6
40. Ng5+ Kh6 41. Nf7+ Kh7 42. Nxd6 Nxd5 43. Nxf5 Nxf4 44. Rg7+ Kh8 45. Rxb7 Rh1
46. b4 axb4 47. a5 Rh2 48. Rd7 Ne6 49. Rd6 Nc5 50. a6 b3 51. a7 Rxc2+ 52. Kb1
Ra2 53. Rd8+ Kh7 1-0

[Event "Seniorenkampioenschap 2013"]
[Site "Oosterbeek, Netherlands"]
[Date "2013.07.12"]
[Round "7"]
[White "Schouten, Nico"]
[Black "Algera, Symon"]
[Result "1-0"]
[WhiteElo "2160"]
[BlackElo "1985"]
[PlyCount "71"]
[EventDate "2013.??.??"]

1. d4 Nf6 2. c4 e5 3. dxe5 Ng4 4. Nf3 Nc6 5. e3 Ngxe5 6. Be2 Bb4+ 7. Bd2 Bxd2+
8. Qxd2 d6 9. O-O Nxf3+ 10. Bxf3 Ne5 11. Be2 Qh4 12. Nc3 h5 13. Nd5 Ng4 14. h3
Rh6 15. Qd4 Kf8 16. Nxc7 Qd8 17. Nxa8 Ne5 18. Rad1 Nc6 19. Qd5 Ne7 20. Qg5 Bxh3
21. Bxh5 Be6 22. Qf4 Nf5 23. e4 g5 24. Qd2 Bxc4 25. exf5 Bxf1 26. Kxf1 Rxh5 27.
Qxd6+ Qxd6 28. Rxd6 Ke7 29. Rd3 Kf6 30. Nc7 Rh1+ 31. Ke2 Kxf5 32. Rd1 Rh2 33.
g3 Rh6 34. Nd5 Ke5 35. Ne3 Rc6 36. Rd7 1-0

[Event "Seniorenkampioenschap 2013"]
[Site "Oosterbeek, Netherlands"]
[Date "2013.07.12"]
[Round "7"]
[White "Jonkman, Fokke"]
[Black "Markus, John"]
[Result "1/2-1/2"]
[WhiteElo "2131"]
[BlackElo "2016"]
[PlyCount "32"]
[EventDate "2013.??.??"]

1. c4 c5 2. Nf3 Nf6 3. d4 cxd4 4. Nxd4 b6 5. Nc3 Bb7 6. f3 d6 7. e4 e6 8. Be3
a6 9. Be2 Nbd7 10. Qd2 Be7 11. O-O O-O 12. Rfd1 Re8 13. Bf1 Qc7 14. Rac1 Rac8
15. Qf2 Qb8 16. Nb3 Bd8 1/2-1/2

[Event "Seniorenkampioenschap 2013"]
[Site "Oosterbeek, Netherlands"]
[Date "2013.07.12"]
[Round "7"]
[White "Broekman, Willem"]
[Black "Van den Berg, Ad"]
[Result "1/2-1/2"]
[WhiteElo "2007"]
[BlackElo "2176"]
[PlyCount "29"]
[EventDate "2013.??.??"]

1. d4 d6 2. c4 e5 3. dxe5 dxe5 4. Qxd8+ Kxd8 5. Nc3 Be6 6. b3 Nd7 7. g3 c6 8.
Bh3 Bxh3 9. Nxh3 f6 10. f3 h5 11. Nf2 Nh6 12. e3 Bb4 13. Bd2 a5 14. Ke2 Nf7 15.
Rhd1 1/2-1/2

[Event "Seniorenkampioenschap 2013"]
[Site "Oosterbeek, Netherlands"]
[Date "2013.07.12"]
[Round "7"]
[White "Vlam, Horatio"]
[Black "Van Leeuwen, Etienne"]
[Result "1/2-1/2"]
[WhiteElo "2075"]
[BlackElo "2061"]
[PlyCount "34"]
[EventDate "2013.??.??"]

1. c4 e5 2. Nc3 Nc6 3. Nf3 Nf6 4. d3 d5 5. cxd5 Nxd5 6. g3 Be7 7. Nxd5 Qxd5 8.
Bg2 Be6 9. O-O Qd7 10. Bd2 O-O 11. b4 f6 12. b5 Nd8 13. a4 c6 14. Rb1 cxb5 15.
axb5 Nf7 16. Bb4 Bxb4 17. Rxb4 Rfc8 1/2-1/2

[Event "Seniorenkampioenschap 2013"]
[Site "Oosterbeek, Netherlands"]
[Date "2013.07.12"]
[Round "7"]
[White "Haggeman, Henny"]
[Black "Mostertman, Loek"]
[Result "1/2-1/2"]
[WhiteElo "1897"]
[BlackElo "1993"]
[PlyCount "67"]
[EventDate "2013.??.??"]

1. e4 e5 2. Bc4 Nf6 3. d3 c6 4. Nf3 d5 5. Bb3 Bd6 6. O-O Bg4 7. exd5 cxd5 8. h3
Be6 9. Re1 Nc6 10. Nc3 Rc8 11. Bg5 Bb8 12. Ba4 h6 13. Bh4 g5 14. Bg3 d4 15. Ne4
Nd7 16. Ned2 Qa5 17. Bxc6 Rxc6 18. Nc4 Bxc4 19. dxc4 O-O 20. c3 f5 21. b4 Qd8
22. Bxe5 Bxe5 23. Nxe5 Nxe5 24. Rxe5 dxc3 25. Rd5 Qf6 26. Qd3 c2 27. Rc1 Qb2
28. Rxc2 Qxb4 29. Rd7 Qe1+ 30. Kh2 Qe5+ 31. g3 Re8 32. Rd2 Rb6 33. Rd5 Qe4 34.
Rxf5 1/2-1/2

[Event "Seniorenkampioenschap 2013"]
[Site "Oosterbeek, Netherlands"]
[Date "2013.07.12"]
[Round "7"]
[White "Haitsma, Anne"]
[Black "Landsbergen, Ron"]
[Result "1/2-1/2"]
[WhiteElo "1923"]
[BlackElo "1975"]
[PlyCount "20"]
[EventDate "2013.??.??"]

1. d4 Nf6 2. c4 g6 3. Nc3 Bg7 4. e4 O-O 5. Be2 d6 6. Nf3 c6 7. O-O Nbd7 8. h3
e5 9. Be3 Qe7 10. d5 Nc5 1/2-1/2

[Event "Seniorenkampioenschap 2013"]
[Site "Oosterbeek, Netherlands"]
[Date "2013.07.12"]
[Round "7"]
[White "Klein, Ron"]
[Black "Goossen, Theo"]
[Result "1/2-1/2"]
[WhiteElo "2019"]
[BlackElo "1996"]
[PlyCount "25"]
[EventDate "2013.??.??"]

1. f4 d5 2. Nf3 Bg4 3. e3 Nd7 4. Be2 Ngf6 5. b3 Bxf3 6. Bxf3 e5 7. fxe5 Nxe5 8.
Bb2 Bd6 9. Nc3 c6 10. Qe2 Qc7 11. d4 Nxf3+ 12. gxf3 O-O-O 13. O-O-O 1/2-1/2